<?xml version="1.0" encoding="UTF-8"?><marc:collection xmlns:marc="http://www.loc.gov/MARC21/slim">
  <marc:record>
    <marc:leader>00000nam  2200000za 4500</marc:leader>
    <marc:controlfield tag="001">9.631654</marc:controlfield>
    <marc:controlfield tag="003">CaOODSP</marc:controlfield>
    <marc:controlfield tag="005">20210624214429</marc:controlfield>
    <marc:controlfield tag="007">cr |||||||||||</marc:controlfield>
    <marc:controlfield tag="008">150407s2004    onc|||||o    f|0| 0 fre d</marc:controlfield>
    <marc:datafield tag="020" ind1=" " ind2=" ">
      <marc:subfield code="a">0-662-78166-X</marc:subfield>
    </marc:datafield>
    <marc:datafield tag="040" ind1=" " ind2=" ">
      <marc:subfield code="a">CaOODSP</marc:subfield>
      <marc:subfield code="b">fre</marc:subfield>
    </marc:datafield>
    <marc:datafield tag="043" ind1=" " ind2=" ">
      <marc:subfield code="a">n-cn---</marc:subfield>
    </marc:datafield>
    <marc:datafield tag="086" ind1="1" ind2=" ">
      <marc:subfield code="a">SD10-1/2004F-PDF</marc:subfield>
    </marc:datafield>
    <marc:datafield tag="110" ind1="1" ind2=" ">
      <marc:subfield code="a">Canada. </marc:subfield>
      <marc:subfield code="b">Développement social Canada.</marc:subfield>
    </marc:datafield>
    <marc:datafield tag="245" ind1="1" ind2="0">
      <marc:subfield code="a">Activités et dépenses relatives au développement de la petite enfance - Activités et dépenses relatives à l'apprentissage et à la garde des jeunes enfants </marc:subfield>
      <marc:subfield code="h">[ressource électronique] : </marc:subfield>
      <marc:subfield code="b">rapports 2003-2004 du gouvernement du Canada.</marc:subfield>
    </marc:datafield>
    <marc:datafield tag="260" ind1=" " ind2=" ">
      <marc:subfield code="a">Ottawa : </marc:subfield>
      <marc:subfield code="b">Développement social Canada, </marc:subfield>
      <marc:subfield code="c">2005.</marc:subfield>
    </marc:datafield>
    <marc:datafield tag="300" ind1=" " ind2=" ">
      <marc:subfield code="a">146 p. : </marc:subfield>
      <marc:subfield code="b">ill., références, tableaux.</marc:subfield>
    </marc:datafield>
    <marc:datafield tag="500" ind1=" " ind2=" ">
      <marc:subfield code="a">Ce document est coédité par Développement social Canada, l’Agence de santé publique du Canada et Affaires indiennes et du Nord Canada.</marc:subfield>
    </marc:datafield>
    <marc:datafield tag="520" ind1="3" ind2=" ">
      <marc:subfield code="a">Ce rapport décrit les investissements du gouvernement du Canada dans le but d’améliorer les programmes et les services de développement de la petite enfance, et ses progrès à ce chapitre. Il se penche sur les activités et dépenses du gouvernement dans les domaines suivants : santé durant la grossesse, à la naissance et au cours de la petite enfance; soutien aux parents et aux familles; développement, apprentissage et garde des jeunes enfants; soutien aux collectivités; services aux enfants des Premières nations et d’autres peuples autochtones, et à leur famille; et recherche et information.</marc:subfield>
    </marc:datafield>
    <marc:datafield tag="590" ind1=" " ind2=" ">
      <marc:subfield code="a">05-09</marc:subfield>
      <marc:subfield code="b">2005-03-04</marc:subfield>
    </marc:datafield>
    <marc:datafield tag="691" ind1="0" ind2="7">
      <marc:subfield code="a">Dépenses publiques</marc:subfield>
      <marc:subfield code="2">gcpds</marc:subfield>
    </marc:datafield>
    <marc:datafield tag="691" ind1="0" ind2="7">
      <marc:subfield code="a">Éducation préscolaire</marc:subfield>
      <marc:subfield code="2">gcpds</marc:subfield>
    </marc:datafield>
    <marc:datafield tag="691" ind1="0" ind2="7">
      <marc:subfield code="a">Soin de l'enfant</marc:subfield>
      <marc:subfield code="2">gcpds</marc:subfield>
    </marc:datafield>
    <marc:datafield tag="775" ind1="0" ind2="8">
      <marc:subfield code="t">Early childhood development activities and expenditures - Early learning and child care activities and expenditures </marc:subfield>
      <marc:subfield code="w">(CaOODSP)9.687193</marc:subfield>
    </marc:datafield>
    <marc:datafield tag="776" ind1="0" ind2="#">
      <marc:subfield code="t">Early childhood development activities and expenditures - Early learning and child care activities and expenditures : </marc:subfield>
      <marc:subfield code="w">(CaOODSP)9.665947</marc:subfield>
    </marc:datafield>
    <marc:datafield tag="776" ind1="0" ind2="#">
      <marc:subfield code="t">Activités et dépenses relatives au développement de la petite enfance - Activités et dépenses relatives à l'apprentissage et à la garde des jeunes enfants : </marc:subfield>
      <marc:subfield code="w">(CaOODSP)9.665948</marc:subfield>
    </marc:datafield>
    <marc:datafield tag="795" ind1=" " ind2=" ">
      <marc:subfield code="t">Activités et dépenses relatives au développement de la petite enfance </marc:subfield>
      <marc:subfield code="w">(CaOODSP)9.631014</marc:subfield>
    </marc:datafield>
    <marc:datafield tag="856" ind1="4" ind2="0">
      <marc:subfield code="a">http://publications.gc.ca</marc:subfield>
      <marc:subfield code="q">PDF</marc:subfield>
      <marc:subfield code="s">1634 Ko</marc:subfield>
      <marc:subfield code="u">https://publications.gc.ca/collections/Collection/SD10-1-2004F.pdf</marc:subfield>
    </marc:datafield>
  </marc:record>
</marc:collection>
